Leed en mi corazón ; (Record no. 34936)
[ view plain ]
| 000 -CABECERA | |
|---|---|
| campo de control de longitud fija | 00971nam a2200265 a 4500 |
| 001 - NÚMERO DE CONTROL | |
| campo de control | 000035445 |
| 005 - FECHA Y HORA DE LA ÚLTIMA TRANSACCIÓN | |
| campo de control | 20200930074340.0 |
| 008 - DATOS DE LONGITUD FIJA--INFORMACIÓN GENERAL | |
| campo de control de longitud fija | 111031s1968 sp a 000 0 spa d |
| 040 ## - FUENTE DE LA CATALOGACIÓN | |
| Centro catalogador/agencia de origen | DO-SdBNP |
| Lengua de catalogación | spa |
| Centro/agencia transcriptor | BNPHU |
| 082 ## - NÚMERO DE LA CLASIFICACIÓN DECIMAL DEWEY | |
| Número de clasificación | xxxx |
| Número de documento/Ítem | M495c |
| 049 ## - FONDOS LOCALES (OCLC) | |
| Fondos de biblioteca | BNGR |
| 100 1# - ENTRADA PRINCIPAL--NOMBRE DE PERSONA | |
| Nombre de persona | Meersch, Maxence van der, |
| Fechas asociadas al nombre | 1907-1951 |
| 9 (RLIN) | 13818 |
| 240 10 - TÍTULO UNIFORME | |
| Título uniforme | Le coeur pur |
| Lenguaje de la obra | Francés |
| 240 13 - TÍTULO UNIFORME | |
| Título uniforme | La compagne |
| Lenguaje de la obra | Francés |
| 245 14 - MENCIÓN DE TÍTULO | |
| Título | Leed en mi corazón ; |
| Resto del título | la compañera / |
| Mención de responsabilidad, etc. | Maxence van der Meersch ; traductor Pedro Pellicena , Matilde de Rafael. |
| 260 ## - PUBLICACIÓN, DISTRIBUCIÓN, ETC. | |
| Lugar de publicación, distribución, etc. | Barcelona : |
| Nombre del editor, distribuidor, etc. | Ediciones G.P., |
| Fecha de publicación, distribución, etc. | 1968. |
| 300 ## - DESCRIPCIÓN FÍSICA | |
| Extensión | 315 p. : |
| Otras características físicas | il. ; |
| Dimensiones | 18 cm. |
| 490 1# - MENCIÓN DE SERIE | |
| Mención de serie | Los clasicos del siglo xx. |
| 501 ## - NOTA DE "CON" | |
| Nota de “Con” | Publicado con : La compañera. |
| 563 ## - NOTA DE ENCUADERNACIÓN | |
| Nota de encuadernación | Dos obras publicadas juntas con paginación continua. |
| 700 12 - PUNTO DE ACCESO ADICIONAL--NOMBRE DE PERSONA | |
| Nombre de persona | Meersch, Maxence van der, |
| Títulos y otros términos asociados al nombre | La compañera |
| 9 (RLIN) | 61283 |
| 700 12 - PUNTO DE ACCESO ADICIONAL--NOMBRE DE PERSONA | |
| Nombre de persona | Pellicena, Pedro, |
| Término indicativo de función/relación | tr. |
| 9 (RLIN) | 61284 |
| 700 12 - PUNTO DE ACCESO ADICIONAL--NOMBRE DE PERSONA | |
| Nombre de persona | Rafael, Matilde de, |
| Término indicativo de función/relación | tr. |
| 9 (RLIN) | 61285 |
| 830 #4 - PUNTO DE ACCESO ADICIONAL DE SERIE-TÍTULO UNIFORME | |
| Título uniforme | Los clasicos del siglo xx. |
| 9 (RLIN) | 13639 |
| Estado de retiro | Estado de pérdida | Restricciones de uso | No para préstamo | Código de colección | Localización permanente | Ubicación/localización actual | Ubicación en estantería | Fecha de adquisición | Número de inventario | Total de préstamos | Signatura topográfica completa | Código de barras | Fecha visto por última vez | Precio válido a partir de | Tipo de ítem Koha | Nota pública |
|---|---|---|---|---|---|---|---|---|---|---|---|---|---|---|---|---|
| Excluido de préstamo | Monografías: Libros y Folletos | General | General | En catalogación | 31.10.2011 | LF1 | xxxx M495c | 35445-10 | 25.06.2020 | 25.06.2020 | No se presta | Perteneció a la biblioteca personal de Juan Isidro Jimenes Grullón |
